000 01203nam a2200349 i 4500
001 bg
003 BPK
005 20191219111245.0
008 011212s2001 pl a f f |000 0 pol
015 _aPB 2001/20692
020 _a832042657X
040 _aWA N
_cBPK
041 0 _apol
080 _a620.2
080 _a669.017/.018
080 _a666.1/.3.017
080 _a666.65.017
080 _a678.7.017
080 _a(075.8)
100 1 _aBlicharski, Marek
_d(1941- )
_eAutor
245 1 0 _aWstęp do inżynierii materiałowej /
_cMarek Blicharski.
250 _aWyd. 2 zm. i rozsz.
260 _aWarszawa :
_bWydawnictwa Naukowo-Techniczne,
_c2001.
300 _a597, [1] s. :
_bil. ;
_c24 cm.
504 _aBibliogr.
521 8 _aDla studentów inżynierii materiałowej, metalurgii oraz wydziałów mechanicznych politechnik, kierunków tech. wyższych szkół pedagogicznych oraz inżynierskich.
655 4 _aPodręczniki akademickie
650 4 _aMateriałoznawstwo
710 2 _aWydawnictwa Naukowo-Techniczne
_4pbl.
856 _uhttp://koha.tu.koszalin.pl/cgi-bin/koha/opac-detail.pl?biblionumber=44330
_yKatalog online BPK
942 _2UKD
_cKS
999 _c44330
_d44330